Fruit availability and seed dispersal in terra firme rain forests of Colombian Amazonia / (Registro nro. 5362)

Detalles MARC
000 -CABECERA
Campo de control 01116cam a2200265 i 4500
005 - FECHA Y HORA DE LA ULTIMA TRANSACCION
Campo de control 20160220120708.0
008 - ELEMENTOS DE LONGITUD FIJA—INFORMACION GENERAL
Campo de control 060919t 2005na abdo r 000 0 eng d
015 ## - NATIONAL BIBLIOGRAPHY NUMBER
National bibliography number NSS
020 ## - ISBN
ISBN 9051130805
040 ## - FUENTE DE CATALOGACIÓN
Agencia catalogadora original CO-BoPUJ
Agencia transcriptora CO-BoIAVH
Agencia Modificadora CO-BoIAVH
041 0# - IDIOMA
Código de idioma para texto/pista de sonido o título separado Inglés
082 04 - NUMERO DE CLASIFICACION DECIMAL DEWEY
Número de clasificación 581
Número del ítem P25f
100 1# - ASIENTO PRINCIPAL--NOMBRE PERSONAL
Nombre personal Parrado-Rosselli, Ángela
9 (RLIN) 61722
245 10 - MENCION DE TITULO
Título Fruit availability and seed dispersal in terra firme rain forests of Colombian Amazonia /
Mención de responsabilidad Ángela Parrado-Rosselli ; ilustrations Nicolás Lozano y Jairo Moreno.
260 ## - PUBLICACION, DISTRIBUCION, ETC. (PIE DE IMPRENTA)
Lugar de publicación, distribución, etc. Wageningen :
Nombre del editor, distribuidor, etc. Tropenbos-International,
Fecha de publicación, distribución, etc. c2005.
300 ## - DESCRIPCION FISICA
Extensión 153 páginas :
Otros detalles físicos ilustraciones, fotos, gráficas, mapas y tablas ;
Dimensiones 24 cm.
504 ## - NOTA DE BIBLIOGRAFIA, ETC.
Nota de bibliografía Incluye referencias bibliográficas (p. 125-137).
650 24 - ASIENTO SECUNDARIO DE MATERIA - TERMINO TEMATICO
Término temático o nombre geográfico como elemento de entrada Dispersión de semillas
Subdivisión geográfica Amazonas (Colombia)
9 (RLIN) 61723
650 24 - ASIENTO SECUNDARIO DE MATERIA - TERMINO TEMATICO
Término temático o nombre geográfico como elemento de entrada Ecologóa vegetal
Subdivisión geográfica Amazonas (Colombia)
9 (RLIN) 61724
650 24 - ASIENTO SECUNDARIO DE MATERIA - TERMINO TEMATICO
Término temático o nombre geográfico como elemento de entrada Conservación de bosques
Subdivisión geográfica Amazonas (Colombia)
9 (RLIN) 61725
650 24 - ASIENTO SECUNDARIO DE MATERIA - TERMINO TEMATICO
Término temático o nombre geográfico como elemento de entrada Árboles frutales
Subdivisión geográfica Amazonas (Colombia)
9 (RLIN) 61726
700 1# - ASIENTO SECUNDARIO - NOMBRE PERSONAL
Nombre personal Lozano, Nicolás
Término de relación ilustrador.
9 (RLIN) 61727
700 1# - ASIENTO SECUNDARIO - NOMBRE PERSONAL
Nombre personal Moreno, Jairo
Término de relación ilustrador.
9 (RLIN) 61728
942 ## - ELEMENTOS ADICIONALES (KOHA)
Sistema de clasificación Dewey Decimal Classification
Tipo de ítem Libro
Existencias
Withdrawn status Lost status Sistema de Clasificación Damaged status No para préstamo Colección Inventariado Ubicación Permanente Ubicación actual Fecha de adquisición Fuente de Valor Valor Total Checkouts Número topográfico Inventario / Código de Barras Date last seen Ejemplar Price effective from Forma de adquisición Tipo de material
    Dewey Decimal Classification     General Inventariado 2017 Bogotá Bogotá 18/10/2006 Instituto 39000.00   LB-581 P25f 023454 04/12/2012 Ej. 1 04/12/2012   Libro
    Dewey Decimal Classification     General Inventariado 2017 Sala Fabio Quevedo Sala Fabio Quevedo 18/10/2006 Instituto 39000.00   LB-581 P25f 023450 04/12/2012 Ej.2 04/12/2012 Donación Libro